[Event "Plancoet op 2nd"]
[Site "Plancoet"]
[Date "2002.07.29"]
[Round "4.46"]
[White "Devroux, Yann"]
[Black "Roussel, Corentin"]
[Result "1-0"]
[WhiteElo "1009"]
[BlackElo "1199"]
[PlyCount "35"]
[EventDate "2002.07.23"]
[EventType "swiss"]
[EventRounds "9"]
[EventCountry "FRA"]
[SourceTitle "EXT 2003"]
[Source "ChessBase"]
[SourceDate "2002.11.25"]
[SourceVersion "1"]
[SourceVersionDate "2002.11.25"]
[SourceQuality "1"]

1. e4 e5 2. Nf3 Nc6 3. Bc4 Nf6 4. d3 Bb4+ 5. c3 Bc5 6. Ng5 0-0 7. 0-0 d6 8. Qf3 Bg4 9. Qg3 Re8 10. Bxf7+ Kf8 11. Bxe8 Qxe8 12. d4 Bb6 13. d5 Na5 14. Ne6+ Kg8 15. Bg5 Nxe4 16. Qxg4 Nxg5 17. Qxg5 Nc4 18. Qxg7# 1-0

[Event "Plancoet op 2nd"]
[Site "Plancoet"]
[Date "2002.07.27"]
[Round "1.40"]
[White "Roussel, Corentin"]
[Black "Lepagnol, Christian"]
[Result "0-1"]
[WhiteElo "1199"]
[BlackElo "1800"]
[PlyCount "58"]
[EventDate "2002.07.23"]
[EventType "swiss"]
[EventRounds "9"]
[EventCountry "FRA"]
[SourceTitle "EXT 2003"]
[Source "ChessBase"]
[SourceDate "2002.11.25"]
[SourceVersion "1"]
[SourceVersionDate "2002.11.25"]
[SourceQuality "1"]

1. e4 d6 2. d4 Nf6 3. Nc3 g6 4. e5 dxe5 5. dxe5 Qxd1+ 6. Nxd1 Ng4 7. Nf3 Bg7 8. Bb5+ c6 9. Bd3 Nxe5 10. Be4 Nxf3+ 11. Bxf3 0-0 12. 0-0 Re8 13. Bf4 e5 14. Bg3 e4 15. Be2 Nd7 16. Nc3 Nb6 17. Rad1 f5 18. Bb5 Bxc3 19. Ba4 Nxa4 20. Bd6 Bxb2 21. Rfe1 Be6 22. a3 Rad8 23. Rd2 Bxa3 24. Red1 Nc3 25. Re1 Rxd6 26. Rxd6 Bxd6 27. Re3 Rd8 28. Rxc3 Bb4 29. Rg3 Rd1# 0-1